000
00205nam a2200085Ia 4500
008
120527s9999 xx 000 0 und d
100
_a
Larson , et al
245
_a
Precalculus: a concise course
942
_c
BK
999
_c
27824
_d
27824